logo

Bir Sreshtho Munshi Abdur Rouf Library
Jhenaidah Cadet College

Subhas Chandra Bose as I knew him / (Record no. 4959)

MARC details
000 -LEADER
fixed length control field 00657nam a2200241 a 4500
001 - CONTROL NUMBER
control field 4959
003 - CONTROL NUMBER IDENTIFIER
control field BD-JhCC
005 - DATE AND TIME OF LATEST TRANSACTION
control field 20171206091552.0
008 - FIXED-LENGTH DATA ELEMENTS--GENERAL INFORMATION
fixed length control field 090518s1966 ii ha 000 0 eng d
010 ## - LIBRARY OF CONGRESS CONTROL NUMBER
LC control number sa 67002289
035 ## - SYSTEM CONTROL NUMBER
System control number (BD-JhCC)4959
040 ## - CATALOGING SOURCE
Original cataloging agency DLC
Transcribing agency DLC
Modifying agency DLC
-- BD-JhCC
050 00 - LIBRARY OF CONGRESS CALL NUMBER
Classification number DS481.B6
Item number K8
082 ## - DEWEY DECIMAL CLASSIFICATION NUMBER
Classification number 920
Item number KUR 1966
100 1# - MAIN ENTRY--PERSONAL NAME
Personal name Kurti, Kitty.
245 10 - TITLE STATEMENT
Title Subhas Chandra Bose as I knew him /
Statement of responsibility, etc. Kitty Kurti,
260 ## - PUBLICATION, DISTRIBUTION, ETC.
Place of publication, distribution, etc. Calcutta,
Name of publisher, distributor, etc. Firma K. L. Mukhopadhyay
Date of publication, distribution, etc. [1966]
300 ## - PHYSICAL DESCRIPTION
Extent 66 p.
Other physical details illus., facsims.
Dimensions 22 cm.
521 ## - TARGET AUDIENCE NOTE
Source Meraj
600 10 - SUBJECT ADDED ENTRY--PERSONAL NAME
Personal name Bose, Subhas Chandra,
Dates associated with a name 1897-1945.
610 ## - SUBJECT ADDED ENTRY--CORPORATE NAME
Source of heading or term Biography
942 ## - ADDED ENTRY ELEMENTS (KOHA)
Source of classification or shelving scheme Dewey Decimal Classification
Koha item type Books
Holdings
Withdrawn status Lost status Source of classification or shelving scheme Damaged status Not for loan Home library Current library Shelving location Date acquired Total Checkouts Full call number Barcode Date last seen Copy number Price effective from Koha item type
    Dewey Decimal Classification     JCC Rouf Library JCC Rouf Library General Stacks 12/05/2017   920 KUR 1966 6864 12/05/2017 C-1 12/05/2017 Books

JCC Library | Contacts | JCC Home

Last Update on 23 September 2017
Copyright @ 2017-2020 JCC Rouf Library
Rouf Library, Jhenidah Cadet College (JCC), Bangladesh